Las fiestas populares de Ponce / (Record no. 77733)

MARC details
000 -LEADER
campo de control de longitud fija 01005nam a2200277 i 4500
001 - NÚMERO DE CONTROL
campo de control 77733
003 - IDENTIFICADOR DE NÚMERO DE CONTROL
campo de control ES-MaACL
005 - FECHA Y HORA DE LA ÚLTIMA TRANSACCIÓN
campo de control 20250823085846.0
007 - CAMPO FIJO DE DESCRIPCIÓN FÍSICA--INFORMACIÓN GENERAL
campo de control de longitud fija t|
008 - DATOS DE LONGITUD FIJA--INFORMACIÓN GENERAL
campo de control de longitud fija 041105s1994 pr o |||| | spa d
020 ## - NÚMERO INTERNACIONAL ESTÁNDAR DEL LIBRO
Número Internacional Estándar del Libro 0-8477-0189-1
080 ## - NÚMERO DE LA CLASIFICACIÓN DECIMAL UNIVERSAL
Número de la Clasificación Decimal Universal 398.332(729.5 Ponce)
080 ## - NÚMERO DE LA CLASIFICACIÓN DECIMAL UNIVERSAL
Número de la Clasificación Decimal Universal 308(729.5 Ponce)
100 1# - ENTRADA PRINCIPAL--NOMBRE DE PERSONA
Nombre de persona Marín, Ramón.
9 (RLIN) 76756
245 14 - MENCIÓN DEL TÍTULO
Título Las fiestas populares de Ponce /
Mención de responsabilidad, etc. Ramón Marín ; ilustrado con el álbum de fotografías, Ponce pintoresco, de José P. Camy ; compilación e introducción, Socorro Girón.
250 ## - MENCION DE EDICION
Mención de edición 1ª ed.
260 ## - PUBLICACIÓN, DISTRIBUCIÓN, ETC.
Lugar de publicación, distribución, etc. San Juan de Puerto Rico :
Nombre del editor, distribuidor, etc. Universidad de Puerto Rico,
Fecha de publicación, distribución, etc. 1994.
300 ## - DESCRIPCIÓN FÍSICA
Extensión 277 p. ;
Dimensiones 21 x 23 cm.
650 14 - PUNTO DE ACCESO ADICIONAL DE MATERIA--TÉRMINO DE MATERIA
Término de materia o nombre geográfico como elemento de entrada Fiestas-
Subdivisión geográfica Ponce (Puerto Rico)
9 (RLIN) 12784
650 #4 - PUNTO DE ACCESO ADICIONAL DE MATERIA--TÉRMINO DE MATERIA
Término de materia o nombre geográfico como elemento de entrada Folklore-
Subdivisión geográfica Puerto Rico.
9 (RLIN) 154562
700 1# - ENTRADA AGREGADA--NOMBRE PERSONAL
Nombre de persona Camy, José P.
9 (RLIN) 34364
700 1# - ENTRADA AGREGADA--NOMBRE PERSONAL
Nombre de persona Girón, Socorro.
9 (RLIN) 57268
710 2# - ENTRADA AGREGADA--NOMBRE DE ENTIDAD CORPORATIVA
Nombre de entidad corporativa o nombre de jurisdicción como elemento de entrada Universidad de Puerto Rico
9 (RLIN) 7273
852 ## - LOCALIZACIÓN
Ubicación ES-MaACL
Número de control de estantería E-10256
Nota libre . - Donativo Ateneo Puertorriqueño
Holdings
Estatus retirado Estado de pérdida Estado de daño No para préstamo Biblioteca de origen Biblioteca actual Ubicación en estantería Fecha de adquisición Fuente de adquisición Total de préstamos Signatura topográfica completa Código de barras Visto por última vez Precio de reemplazo Tipo de ítem Koha
        Biblioteca del Ateneo de Madrid Biblioteca del Ateneo de Madrid Depósito 2 17/01/2008     E-10256 1081323 23/02/2023 23/02/2023 Libro impreso